000 00326nam a22001457a 4500
008 210308b ||||| |||| 00| 0 eng d
020 _a1891306006
041 _aeng
080 _25th
_a32
082 _a32
100 _a19
101 _aSHP
245 _aDefining our Role in a Changing World
_cAicher, P
942 _2udc
_cBK
999 _c55955
_d55955